00322nam a2200121Ia 4500001001700000008003700017010001100054650002800065650004400093650002300137700002100160999001900181IA_HD31 H36 2006220117s xx 000 0 und d a184551 aAdministración 9918 aComportamiento organizacional 9157271 aManagement9149975 aJolliffe9157272 c184551d184551